La educación en el siglo XXI: los retos del futuro inmediato
Salvato in:
| Autore principale: | |
|---|---|
| Natura: | Libro |
| Lingua: | spagnolo |
| Pubblicazione: |
Barcelona
Graó
2002
|
| Edizione: | 4a. ed |
| Serie: | Biblioteca del Aula. Serie Pedagogía: Teoría y Práctica, 136
|
| Soggetti: | |
| Tags: |
Aggiungi Tag
Nessun Tag, puoi essere il primo ad aggiungerne!!
|
MARC
| LEADER | 00000cam a2200000 a 4500 | ||
|---|---|---|---|
| 001 | UCL6010 | ||
| 003 | CL-VaPUC | ||
| 008 | 040326e20020100SP |||||||||||||||||spa|d | ||
| 020 | |a 8478272100 | ||
| 082 | 0 | 4 | |a 370.1 |b IMB |2 21 |
| 100 | |a Imbernón Muñoz, Francisco |e author |9 558233 | ||
| 245 | 1 | 3 | |a La educación en el siglo XXI: los retos del futuro inmediato |
| 250 | |a 4a. ed | ||
| 300 | |a 180 p | ||
| 942 | |c BK | ||
| 945 | |d 20040326 00:00:00 |a cmena | ||
| 260 | |a Barcelona |b Graó |c 2002 | ||
| 650 | 0 | |a Filosofía de la educación |9 258384 | |
| 650 | 7 | |a REFORMA DE LA EDUCACION |2 CL-VaPUC |9 333471 | |
| 650 | 0 | |a Racismo |9 255805 | |
| 650 | 0 | |a Pedagogía crítica |9 468400 | |
| 650 | 0 | |a Educación moral |9 308319 | |
| 583 | |a last modification |c 20130122 09:54:25 |k Rodrigo Vera | ||
| 490 | 0 | |a Biblioteca del Aula. Serie Pedagogía: Teoría y Práctica, 136 | |
| 999 | |c 308319 |d 308317 | ||
| 952 | |0 0 |1 0 |4 0 |6 370_100000000000000_IMB_2002 |7 0 |8 A |9 374708 |a BIBEDU |b BIBEDU |d 2019-11-21 |i 3999505 |o 370.1 IMB 2002 |p 3999505 |r 2019-11-21 |w 2019-11-21 |y BK |k BME | ||
| 952 | |0 0 |1 0 |4 0 |6 370_100000000000000_IMB_2002 |7 0 |8 A |9 374709 |a BIBEDU |b BIBEDU |d 2019-11-21 |i 4191404 |o 370.1 IMB 2002 |p 4191404 |r 2019-11-21 |w 2019-11-21 |y BK |k EDU | ||